LEADER 01100nam0-2200385---450 001 990005674020203316 005 20190403125001.0 035 $a000567402 035 $aUSA01000567402 035 $a(ALEPH)000567402USA01 035 $a000567402 100 $a20050901d1987----|||y0itaa50------ba 101 $aeng 102 $agb 105 $a0 00||| 200 1 $aColour$esome philosophical problems from Wittgenstein$fJonathan Westphal 210 $aOxford$cBasic Blackwell$d1987 215 $a117 p.$d22 cm. 225 2 $aAristotelian society series$v7 410 0$12001$aAristotelian society series$v7 606 $aWITTGENSTEIN, LUDWIG$2F 620 $dOXFORD 676 $a152.145 700 1$aWESTPHAL,$bJonathan$0615321 801 0$aIT$bSA$c20111219 912 $a990005674020203316 950 0$aDipar.to di Filosofia - Salerno$dDFCC 152.145 WES$e3222 FIL 951 $aCC 152.145 WES$b3222 FIL 959 $aBK 969 $aFIL 979 $c20121027$lUSA01$h1526 979 $c20121027$lUSA01$h1615 996 $aColour$91084565 997 $aUNISA NUM $aSA0014955 LEADER 02048nam 2200529zu 450 001 9910376386503321 005 20210807005143.0 010 $a1-4503-2952-7 035 $a(CKB)3780000000085509 035 $a(SSID)ssj0001341790 035 $a(PQKBManifestationID)11812481 035 $a(PQKBTitleCode)TC0001341790 035 $a(PQKBWorkID)11277802 035 $a(PQKB)10753070 035 $a(WaSeSS)IndRDA00027551 035 $a(Association for Computing Machinery)10.1145/2611009 035 $a(EXLCZ)993780000000085509 100 $a20160829d2014 uy 101 0 $aeng 135 $aur||||||||||| 181 $ctxt 182 $cc 183 $acr 200 00$aPerDis 2014 : proceedings 3rd ACM International Symposium on Pervasive Displays 2014 : June 3 - 4, 2014, Copenhagen, Denmark 210 31$a[Place of publication not identified]$cACM$d2014 215 $a1 online resource (217 pages) 225 1 $aACM Conferences 300 $aBibliographic Level Mode of Issuance: Monograph 410 0$aACM Conferences 517 1 $aPervasive Displays 2014 :$eproceedings 3rd Association for Computing Machinery International Symposium on Pervasive Displays 2014 : June 3 - 4, 2014, Copenhagen, Denmark 517 1 $aProceedings of the International Symposium on Pervasive Displays 517 1 $aPerDis '14 517 1 $aInternational Symposium on Pervasive Displays, Copenhagen, Denmark - June 03 - 04, 2014 606 $aEngineering & Applied Sciences$2HILCC 606 $aComputer Science$2HILCC 615 7$aEngineering & Applied Sciences 615 7$aComputer Science 700 $aQuigley$b Aaron$0878401 702 $aBoring$b Sebastian 702 $aGehring$b Sven 702 $aQuigley$b Aaron 712 02$aAssociation for Computing Machinery-Digital Library. 801 0$bPQKB 906 $aBOOK 912 $a9910376386503321 996 $aPerDis 2014 : proceedings 3rd ACM International Symposium on Pervasive Displays 2014 : June 3 - 4, 2014, Copenhagen, Denmark$92102164 997 $aUNINA